Normal view
MARC view
Entry Personal Name
001 - CONTROL NUMBER
- control field: 5525
003 - CONTROL NUMBER IDENTIFIER
- control field: OSt
005 - DATE AND TIME OF LATEST TRANSACTION
- control field: 20110614124356.0
008 - FIXED-LENGTH DATA ELEMENTS
- fixed length control field: 110614|||a|||||| | ||| d
040 ## - CATALOGING SOURCE
- Original cataloging agency: OSt
- Transcribing agency: OSt
100 ## - HEADING--PERSONAL NAME
- Personal name: Morrison, A. C. L.
- Dates associated with a name: 1881-1960.
- Fuller form of name: (Arthur Cecil Lockwood),
670 ## - SOURCE DATA FOUND
- Source citation: Work cat.: (OSt): Clarke Hall and Morrison on children Vol.3 /, c 1985-1997
